Mixed Word: Franco-food Quiz Stats

 Plays Quiz Updated May 7, 2012

Support Sporcle.
Go Orange.
Score 0/22 Timer 04:00
0 Plays Today
Mixed Word Answer % Correct
SUJJUS
99%
TÂPÉPÂTÉ
92.4%
RECPÊCRÊPE
87.7%
RENTÉEENTRÉE
87.1%
UXORROUX
86.9%
MÉFLABFLAMBÉ
86.5%
FOULFÉSSOUFFLÉ
84.5%
À AL TRACEÀ LA CARTE
81.8%
POUSE UD ROUJSOUPE DU JOUR
80.5%
NOB TIPTAPÉBON APPÉTIT
75.8%
MERCÈ ÉLÛBERCRÈME BRÛLÉE
67.6%
Mixed Word Answer % Correct
ROSSICANTCROISSANT
65.3%
BETTAGUEBAGUETTE
62.7%
DONTFANFONDANT
50.7%
OUTRONCCROUTON
39.9%
LOVELUNE SUICINENOUVELLE CUISINE
39.3%
ROSH OVERSUE'DHORS D'OEUVRES
35%
LETMETOEOMELETTE
34.6%
BOOINULLBOUILLON
25.8%
REMUEINGMERINGUE
23.5%
TUBQUOE ARINGBOUQUET GARNI
13.3%
FITPAIRÉAPÉRITIF
7.2%

From the Vault

Monty Python Cheese Shop Cheeses

by Matt

When you're feeling rather peckish, you can always count on the fermented curd to keep the 'unger away.
Remove Ads.
Support Sporcle.
Get the best of Sporcle when you Go Orange. This ad-free experience offers more features, more stats, and more fun while also helping to support Sporcle. Thank you for becoming a member.

Show Comments

Extras

Top Quizzes Today


Score Distribution

Your Account Isn't Verified!

In order to create a playlist on Sporcle, you need to verify the email address you used during registration. Go to your Sporcle Settings to finish the process.

Report this User

Report this user for behavior that violates our Community Guidelines.

Details: